书目信息 |
| 题名: |
鸟有膝盖吗?
|
|
| 作者: | 莫斯 著 ;王敏 译 | |
| 分册: | ||
| 出版信息: | 北京 北京联合出版公司 2018.05 |
|
| 页数: | 233页 | |
| 开本: | 22cm | |
| 丛书名: | ||
| 单 册: | ||
| 中图分类: | Q959.7-49 | |
| 科图分类: | ||
| 主题词: | 鸟类--普及读物 | |
| 电子资源: | ||
| ISBN: | 978-7-5596-1759-0 | |
| 000 | 00831nam0 2200241 450 | |
| 001 | 4825 | |
| 005 | 20181013101702.55 | |
| 010 | @a978-7-5596-1759-0@dCNY68.00 | |
| 100 | @a20180714d2018 em y0chiy50 ea | |
| 101 | 0 | @achi@ceng |
| 102 | @aCN@b110000 | |
| 105 | @aa z 000yy | |
| 200 | 1 | @a鸟有膝盖吗?@9niao you xi gai ma ?@e鸟的百科问答@dDo birds have knees?@eall your bird questions answered@f(英)斯蒂芬·莫斯著@g王敏译@zeng |
| 210 | @a北京@c北京联合出版公司@d2018.05 | |
| 215 | @a233页@c图@d22cm | |
| 510 | 1 | @aDo birds have knees?@eall your bird questions answered@zeng |
| 517 | 1 | @a鸟的百科问答@9niao de bai ke wen da |
| 606 | 0 | @a鸟类@j普及读物 |
| 690 | @aQ959.7-49@v5 | |
| 701 | 1 | @c(英)@a莫斯@9mo si@b斯蒂芬@4著 |
| 702 | 0 | @a王敏@9wang min@4译 |
| 801 | 0 | @aCN@b91MARC@c20180714 |
| 905 | @aMuseLib@dQ959.7-49@e234 | |
| 鸟有膝盖吗?:鸟的百科问答=Do birds have knees?:all your bird questions answered/(英)斯蒂芬·莫斯著/王敏译.-北京:北京联合出版公司,2018.05 |
| 233页:图;22cm |
| ISBN 978-7-5596-1759-0:CNY68.00 |
| ● |
| 相关链接 |
|
|
|
|
正题名:鸟有膝盖吗?
索取号:Q959.7-49/234
 
预约/预借
| 序号 | 登录号 | 条形码 | 馆藏地/架位号 | 状态 | 备注 |
| 1 | 1126829 | 211268297 | 第二样本阅览室/ [索取号:Q959.7-49/234] | 在馆 | |
| 2 | 1126830 | 211268304 | 第三借阅区/ [索取号:Q959.7-49/234] | 在馆 | |
| 3 | 1126831 | 211268313 | 第三借阅区/ [索取号:Q959.7-49/234] | 在馆 | |
| 4 | 1126832 | 211268322 | 第三借阅区/ [索取号:Q959.7-49/234] | 在馆 | |
| 5 | 1126833 | 211268331 | 密集书库-生命科学系/ [索取号:Q959.7-49/234] | 在馆 |